00849 2200289 4500001002100000005001700021008004100038020001800079035002400097082001400121090002400135100002400159245013100183260002800314300002400342440002500366650002400391700001800415700002100433700002300454850001600477980001500493985000600508999001500514999001500529999001500544YOGYA-0209000004085120090227025715.0 ind  a979-781-336-3 0010-020900000040851 a137.13903 a137.13903bLub PlK aLUBIS P, Siti Eryda aPintar budi pekertibuntuk usia 4-6 tahuncoleh Siti Eryda Lubis P ; editor, Rani Nuraeni, Widya Handayani, Margaretha H. Eddy aJakartabErlanggac2006 a63 hlmbilusc28 cm aMy first book series aWatak - Buku pintar aNuraeni, Rani aHandayani, Widya aEddy, Margaretha H aYOPDYOG (B) a31-10-2007 a3 a07B0029550 a07B0029551 a07B0029552